Hydrography of Virginia, (Record no. 24475)
[ view plain ]
| 000 -LEADER | |
|---|---|
| fixed length control field | 00941cam a22002531 4500 |
| 001 - CONTROL NUMBER | |
| control field | gs 06000781 |
| 003 - CONTROL NUMBER IDENTIFIER | |
| control field | DLC |
| 005 - DATE AND TIME OF LATEST TRANSACTION | |
| control field | 20260227111304.0 |
| 008 - FIXED-LENGTH DATA ELEMENTS--GENERAL INFORMATION | |
| fixed length control field | 800229s1906 vauabf s000 0 eng c |
| 010 ## - LIBRARY OF CONGRESS CONTROL NUMBER | |
| LC control number | gs 06000781 |
| 035 ## - SYSTEM CONTROL NUMBER | |
| System control number | (OCoLC)6035928 |
| 040 ## - CATALOGING SOURCE | |
| Original cataloging agency | Library, U.S. Geol. |
| Transcribing agency | TxDaME |
| Modifying agency | DLC |
| 042 ## - AUTHENTICATION CODE | |
| Authentication code | premarc |
| 043 ## - GEOGRAPHIC AREA CODE | |
| Geographic area code | n-us-va |
| 050 00 - LIBRARY OF CONGRESS CALL NUMBER | |
| Classification number | QE173 |
| Item number | .A2 no. 3 |
| 100 1# - MAIN ENTRY--PERSONAL NAME | |
| Personal name | Grover, Nathan Clifford, |
| Dates associated with a name | 1868-1956. |
| 245 10 - TITLE STATEMENT | |
| Title | Hydrography of Virginia, |
| Statement of responsibility, etc. | by N. C. Grover and R. H. Bolster. |
| 260 ## - PUBLICATION, DISTRIBUTION, ETC. | |
| Place of publication, distribution, etc. | [Richmond, Va.] |
| Name of publisher, distributor, etc. | Pub. by Board of agriculture and immigration, |
| Date of publication, distribution, etc. | 1906. |
| 300 ## - PHYSICAL DESCRIPTION | |
| Extent | 3 p. l., [5]-233 p. |
| Other physical details | illus., x pl. (partly fold., incl. diagrs., maps) |
| Dimensions | 24 cm. |
| 490 0# - SERIES STATEMENT | |
| Series statement | Virginia. Geological survey. Geological series. Bulletin no. III. |
| 500 ## - GENERAL NOTE | |
| General note | At head of title: Virginia Department of agriculture and immigration ... |
| 650 #0 - SUBJECT ADDED ENTRY--TOPICAL TERM | |
| Topical term or geographic name entry element | Water-supply |
| Geographic subdivision | Virginia. |
| 700 1# - ADDED ENTRY--PERSONAL NAME | |
| Personal name | Bolster, R. H. |
| Fuller form of name | (Roy Hale), |
| Dates associated with a name | 1877- |
No items available.